|
|
|
|
| LEADER |
00000nam0a2200000 4500 |
| 001 |
298182 |
| 005 |
20231102001059.0 |
| 020 |
|
|
|a RU
|b 84-61106
|
| 035 |
|
|
|a (RuTPU)RU\TPU\book\323324
|
| 090 |
|
|
|a 298182
|
| 100 |
|
|
|a 20150616d1984 m y0rusy5003 ca
|
| 101 |
0 |
|
|a rus
|
| 102 |
|
|
|a RU
|
| 105 |
|
|
|a a j 001zy
|
| 200 |
1 |
|
|a Экономическая география Мирового океана
|e учебное пособие для вузов
|f Б. С. Залогин
|
| 210 |
|
|
|a Москва
|c Изд-во МГУ
|d 1984
|
| 215 |
|
|
|a 232 с.
|c ил.
|d 21 см
|
| 320 |
|
|
|a Библиогр.: с. 229
|
| 606 |
1 |
|
|a География социально-экономическая
|2 stltpush
|3 (RuTPU)RU\TPU\subj\5936
|9 33918
|
| 610 |
1 |
|
|a мировой океан
|
| 610 |
1 |
|
|a экономическая география
|
| 610 |
1 |
|
|a ресурсы
|
| 610 |
1 |
|
|a транспорт
|
| 610 |
1 |
|
|a использование
|
| 610 |
1 |
|
|a районирование
|
| 610 |
1 |
|
|a производственные комплексы
|
| 610 |
1 |
|
|a Атлантический океан
|
| 610 |
1 |
|
|a Тихий океан
|
| 610 |
1 |
|
|a Индийский океан
|
| 610 |
1 |
|
|a освоение
|
| 610 |
1 |
|
|a эксплуатация
|
| 610 |
1 |
|
|a нефтегазовые промыслы
|
| 610 |
1 |
|
|a морские перевозки
|
| 610 |
1 |
|
|a лечебное значение
|
| 610 |
1 |
|
|a рекреационная деятельность
|
| 610 |
1 |
|
|a учебные пособия
|
| 675 |
|
|
|a 911.3(075.8)
|z rus
|v 4
|
| 700 |
|
1 |
|a Залогин
|b Б. С.
|g Борис Семенович
|4 070
|
| 801 |
|
0 |
|a RU
|b RuMRKP
|c 19950704
|g psbo
|
| 801 |
|
1 |
|a RU
|b 63413507
|c 20150616
|
| 801 |
|
2 |
|a RU
|b 63413507
|c 20170727
|g RCR
|
| 942 |
|
|
|c BK
|